A history of the United States / (Record no. 51025)

MARC details
000 -LEADER
campo de control de longitud fija 01174nam a2200253 i 4500
001 - NÚMERO DE CONTROL
campo de control 51025
003 - IDENTIFICADOR DE NÚMERO DE CONTROL
campo de control ES-MaACL
005 - FECHA Y HORA DE LA ÚLTIMA TRANSACCIÓN
campo de control 20230906162259.0
007 - CAMPO FIJO DE DESCRIPCIÓN FÍSICA--INFORMACIÓN GENERAL
campo de control de longitud fija t|
008 - DATOS DE LONGITUD FIJA--INFORMACIÓN GENERAL
campo de control de longitud fija 030808s1948 xxu ||||1| eng d
100 1# - ENTRADA PRINCIPAL--NOMBRE DE PERSONA
Nombre de persona Channing, Edward.
9 (RLIN) 37977
245 12 - MENCIÓN DEL TÍTULO
Título A history of the United States /
Mención de responsabilidad, etc. by Edward Channing.
250 ## - MENCION DE EDICION
Mención de edición [Repr.].
260 ## - PUBLICACIÓN, DISTRIBUCIÓN, ETC.
Lugar de publicación, distribución, etc. New York :
Nombre del editor, distribuidor, etc. The Marmillan Company,
Fecha de publicación, distribución, etc. [1948]
300 ## - DESCRIPCIÓN FÍSICA
Extensión 3 v. :
Otras características físicas il. ;
Dimensiones 21 cm.
505 8# - NOTA DE CONTENIDO CON FORMATO
Nota de contenido con formato Contiene: V. I: The planting of a nation in the New World : 1000-1660. -- V. II: A century of colonial history : 1660-1760. -- V. III: The American revolution : 1761-1789. -- V. IV: Federalists and republicans : 1789-1815. -- V. V: The period of transition : 1815-1848. -- V. VI: The war for Southern independence : 1849-1865
740 4# - ENTRADA AGREGADA--TÍTULO RELACIONADO/ANALÍTICO NO CONTROLADO
Título relacionado o analítico no controlado The planting of a nation in the New World : 1000-1660.
740 0# - ENTRADA AGREGADA--TÍTULO RELACIONADO/ANALÍTICO NO CONTROLADO
Título relacionado o analítico no controlado A century of colonial history : 1660-1760.
740 4# - ENTRADA AGREGADA--TÍTULO RELACIONADO/ANALÍTICO NO CONTROLADO
Título relacionado o analítico no controlado The American revolution : 1761-1789.
740 0# - ENTRADA AGREGADA--TÍTULO RELACIONADO/ANALÍTICO NO CONTROLADO
Título relacionado o analítico no controlado Federalists and republicans : 1789-1815.
740 4# - ENTRADA AGREGADA--TÍTULO RELACIONADO/ANALÍTICO NO CONTROLADO
Título relacionado o analítico no controlado The period of transition : 1815-1848.
740 4# - ENTRADA AGREGADA--TÍTULO RELACIONADO/ANALÍTICO NO CONTROLADO
Título relacionado o analítico no controlado The war for Southern independence : 1849-1865.
852 ## - LOCALIZACIÓN
Ubicación ES-MaACL
Número de control de estantería D-6015-20
Sublocalización o colección R.30498
Holdings
Estatus retirado Estado de pérdida Estado de daño No para préstamo Biblioteca de origen Biblioteca actual Ubicación en estantería Fecha de adquisición Fuente de adquisición Total de préstamos Signatura topográfica completa Código de barras Visto por última vez Precio de reemplazo Tipo de ítem Koha
        Biblioteca del Ateneo de Madrid Biblioteca del Ateneo de Madrid Sala Valle Inclán 17/01/2008     D-6015-20 901053659 23/02/2023 23/02/2023 Libro impreso